Missing Word: Paranormal TV Shows Quiz Stats

 Plays Quiz Updated Jul 11, 2020

Support Sporcle.
Go Orange.
Score 0/18 Timer 03:00
1 Play Today
Show Missing Word % Correct
Ripley's _______ It or Not!Believe
92.2%
Scariest Places on _____Earth
90%
Beyond Belief: ____ or FictionFact
88.6%
Ancient _-FilesX
86.4%
Unsolved _________Mysteries
85.2%
Kindred _______Spirits
76.6%
Conspiracy ______ with Jesse VenturaTheory
73%
Ghost _______Hunters
58.5%
Arthur C. ______'s Mysterious WorldClarke
54.7%
Show Missing Word % Correct
Long ______ MediumIsland
54.1%
In ______ of...Search
46.9%
_____ NationGhost
39.6%
_______ AliensAncient
39.1%
Most _______Haunted
33.9%
Celebrity Ghost _______Stories
32.4%
____ Matters: Twisted but TrueDark
30.5%
The _____ of Oak IslandCurse
27.4%
River ________Monsters
26.4%

Today's Daily Dose

Missing Word
'Y-Z' Pairs

Quick Pick
MCU Directors

You're not logged in!

Compare scores with friends on all Sporcle quizzes.
OR
Log In
Forgot?

From the Vault

NATO Phonetic Alphabet in Pictures

by Cutthroat

This is for all you visual learners out there.
Remove Ads.
Support Sporcle.
Get the best of Sporcle when you Go Orange. This ad-free experience offers more features, more stats, and more fun while also helping to support Sporcle. Thank you for becoming a member.

Show Comments

Extras

Top Quizzes Today


Score Distribution

Your Account Isn't Verified!

In order to create a playlist on Sporcle, you need to verify the email address you used during registration. Go to your Sporcle Settings to finish the process.

Report this User

Report this user for behavior that violates our Community Guidelines.

Details: